Kurtuluş Savaşı’nda Adana ve Adana’nın kurtuluşu : (Record no. 15100)

MARC details
000 -BAŞLIK
Sabit Uzunlukta Kontrol Alanı 00744nam a22002177a 4500
999 ## - SİSTEM KONTROL NUMARALARI (KOHA)
Koha Biblionumber 15100
Koha Biblioitemnumber 15100
003 - KONTROL NUMARASI IDENTIFIER
Denetim Alanı MIRAKIL
005 - SON İŞLEM TARİHİ VE ZAMANI
Denetim Alanı 20221219122428.0
008 - SABİT-BOY VERİ ELEMANLARI - GENEL BİLGİLER
Sabit Uzunlukta Kontrol Alanı 221219b tu ||||| |||| 00| 0 tur d
020 ## - ULUSLARARASI STANDART KİTAP NUMARASI
Uluslararası Standart Kitap Numarası 9789753333955
040 ## - KATALOGLAMA KAYNAK
Orijinal Kataloglama Ajansı TR-AnCHP
Metne Dönüştürmek Ajansı TR-AnCHP
041 ## - DİL KODU
Metin / Ses Parça Veya Ayrı Başlığın Dil Kodu tur
082 ## - DEWEY ONLU SINIFLANDIRMA NUMARASI
Sınıflandırma Numarası 956.1023
Ürün Numarası A44k 2022
100 1# - ANA GİRİŞ - KİŞİSEL İSİM
Kişisel Ad Alkan, Mehmet Ö.
245 10 - BAŞLIK TABLOSU
Başlık Kurtuluş Savaşı’nda Adana ve Adana’nın kurtuluşu :
Başlığın Kalan belgeler/
Sorumluluk Tablosu, Vb haz. Mehmet Ö. Alkan
260 ## - YAYIN, DAĞITIM, VB
Yayın, Dağıtım, Vb Yeri İstanbul :
Yayıncı, Dağıtıcı, Vs Adı Tarih Vakfı Yurt Yayınları, Adana Büyükşehir belediyesi,
Yayın, Dağıtım, Vb Tarihi 2022.
300 ## - FİZİKSEL TANIM
Kapsam 891 s.:
Diğer Fiziksel Ayrıntıları blg.;
Boyutlar 24 sm.
504 ## - KAYNAKÇA VB NOT
Kaynakça Vb Notu Bibliyografik bilgi içerir.
650 #0 - KONU KATMA GİRİŞ - TOPİKAL DÖNEM
9 (RLIN) 6187
Topikal Süreli Veya Coğrafi Ad Giriş Elemanı Kurtuluş savaşı
Genel Alt Bölümü Tarih
Coğrafi Alt Bölümü Türkiye
651 #0 - KONU KATMA GİRİŞ - COĞRAFİ ADI
9 (RLIN) 7271
Coğrafi İsim Adana
Genel Alt Bölümü Kurtuluş savaşı
942 ## - EKLENDİ GİRİŞ ELEMANLARI (KOHA)
Sınıflandırma Veya Raf Düzeni Kaynak Dewey Decimal Classification
Koha Öğesi Türü Books
Holdings
Kalıcı Konum Mevcut Konum Edinme Tarihi Toplam Check-Out'Lar Tam Çağrı Numarası Barkod Tarih Son Görülme İtibaren Geçerli Fiyatlar Koha Öğesi Türü
CHP Kütüphanesi CHP Kütüphanesi 12/19/2022   956.1023 A44k 2022 020665 12/19/2022 12/19/2022 Books